Sistemas de información para la gestion empresaria : procedimientos, seguridad y auditoria /

Guardado en:
Autor Principal: Lardent, Alberto R.
Formato: Libro
Publicado: Buenos Aires : Pearson Educación
Materias:
Etiquetas: Agregar Etiqueta
Sin Etiquetas, Sea el primero en etiquetar este registro!
LEADER 02178nam a22002175a 4500
001 CEM.cems011050
008 130507b2023##################000#0#####d
005 20230703172151.0
245 1 0 |a Sistemas de información para la gestion empresaria :  |b procedimientos, seguridad y auditoria /  |c Alberto R. Lardent 
260 |a Buenos Aires :  |b Pearson Educación 
300 |a 443 p. 
505 0 |a Metodología de exposición de procedimientos -- Estudio de procedimientos: compras mayores y recepción -- Principios y técnicas de control: compras mayores y recepción -- Estudio de procedimientos: cuentas a pagar -- Principios y técnicas de control: cuentas a pagar -- Estudio de procedimientos: comercialización -- Estudio de procedimiento: ventas a crédito -- Principios y técnicas de control: ventas a crédito -- Estudio de procedimientos: pedidos de clientes -- Estudio de procedimiento: cuentas a cobrar -- Estudio de procedimiento: cobranzas -- Estudio de procedimiento: cobranza en punto de venta -- Principios y técnicas de control: cuentas a cobrar y cobranzas -- Estudio de procedimiento: remuneraciones -- Principios y técnicas de control: remuneraciones -- Estudio de procedimientos: administración de inventario de productos terminados -- Estudio de procedimientos: bienes de uso -- Seguridad y auditoría informática -- Auditoría de sistemas de información -- Auditoría de organización y administración del ambiente informático -- Controles de accesos lógicos y físicos -- Seguridad en los sistemas de base de datos -- Seguridad de redes y sistemas distribuidos -- Auditoría del desarrollo de sistemas -- Auditoría de sistemas de aplicación instalados -- Técnicas de auditoría y evaluación -- Técnicas de auditoría asistidas por computadora -- Recuperación de desastres. Continuidad de operaciones 
020 |a 9879460510 
100 1 |a Lardent, Alberto R. 
082 0 4 |a 658 
653 |a Sistemas de información contable 
653 |a Administración de empresas 
653 |a Auditoría 
653 |a Informática 
859 |a CEMS  |b BIB. CEMS - 11 de abril  |h 658  |i L322  |p 21831.02  |t Ej.1 
859 |a CEMS  |b BIB. CEMS - 11 de abril  |h 658  |i L322  |p 29526.23  |t Ej.2